000 00400nam a22001217a 4500
082 _a200 THE
100 _aSaba Gul
_972499
245 _aTH-SOF-1724-Comparative Analysis of Faults in Photovoltaic (PV) Systems and its Impact on Power Grid
260 _aISLAMABAD
_bNUST COLLEGE OF EME
_c2019
650 _aMS-ELECT-2017 MSTHESIS
_970452
700 _aSupervisor Dr. Azhar Ul Haq
_970345
942 _cCF
999 _c578513
_d578513